| 000 | 01119nam0a22002771 4500 | ||
|---|---|---|---|
| 001 | RU\INFOCOMM_318\NLR\5000082421 | ||
| 005 | 20260406083615.0 | ||
| 035 | _a(NLR Aleph) 009505990 | ||
| 090 |
_a13288241 _c13288241 |
||
| 100 | _a20121204d1952 |||y0rusy50 ca | ||
| 101 | 0 | _apol | |
| 102 | _aLT | ||
| 105 | _ay z ||||| | ||
| 200 | 1 |
_aPodręcznik anatomii i fizjologii człowieka _eDla klasy VIII szkoły średniej _fProf. A. Kabanow |
|
| 210 |
_aKaunas _cValst. ped. lit. l-kla _d1952 |
||
| 215 |
_a250 с., 4 л. цв. ил. _cил., цв. ил. _d23 см |
||
| 300 | _aНа последней с.: Проф. А. Н. Кабанов. Учебник анатомии и физиологии человека для средних школ | ||
| 686 |
_aФл-0 _2rubbk |
||
| 686 |
_aАг-70 _2rubbk |
||
| 700 | 1 |
_7ba _8rus _aKabanov _bA. N. _cд-р мед. наук, физиология _f1894-1984 _gAleksandr Nikolaevič _3RU\NLR\AUTH\770278352 _92650319 |
|
| 790 | 1 |
_9z01700 _aKabanow _bA. _4070 |
|
| 801 | 1 |
_aRU _bNLR _c20121204 |
|
| 801 | 0 |
_aRU _bINFOCOMM _gPSBO |
|
| 852 |
_aNLR _jСл Пол-3/366 |
||
| 942 | _cBOOK | ||
| 980 | _aNB | ||